A Pearl Lyrics (Mitski) - Statistics

General Stats
  • This quiz has been taken 8 times
  • The average score is 157 of 167
Answer Stats
Lyrics % Correct
A
100%
And
100%
Around
100%
Baby
100%
Ended
100%
Every
100%
Fell
100%
Go
100%
Head
100%
I
100%
In
100%
It
100%
Just
100%
Left
100%
Love
100%
Me
100%
My
100%
Night
100%
Nobody
100%
Pearl
100%
Roll
100%
That
100%
That's
100%
To
100%
Told
100%
War
100%
Watch
100%
Where
100%
With
100%
But
86%
Can't
86%
Don't
86%
Fill
86%
Glow
86%
Growing
86%
Hole
86%
It's
86%
Not
86%
Of
86%
So
86%
Sorry
86%
Take
86%
The
86%
There's
86%
Tired
86%
Touch
86%
Want
86%
You
86%
Your
86%
You're
86%
About
71%
All
71%
Hard
71%
Sleep
71%
Still
71%
Talk
71%
Things
71%
No matching quizzes found
Score Distribution
Percent of People with Each Score
Percentile by Number Answered
Your Score History
You have not taken this quiz